000
00330nam a2200145Ia 4500
100
_a
Johnson/Richard A
250
_a
6
942
_c
BK
654
_a
Probability
245
_a
Probability and statistics for Engineers
260
_b
prentice hall
_a
New Delhi
_c
2000
082
_a
519.2
_b
JOH
300
_a
622
546
_a
ENGLISH
999
_c
32539
_d
32539